Vista normal
Vista MARC
Entrada Término de materia
Número de registros utilizados en: 1
001 - NÚMERO DE CONTROL
- Campo de control: 17060
003 - IDENTIFICADOR DE NÚMERO DE CONTROL
- Campo de control: OSt
005 - FECHA Y HORA DE LA ULTIMA MODIFICACION
- Campo de control: 20140409142004.0
008 - ELEMENTOS DE DATOS DE LONGITUD FIJA
- Campo de longitud fija: 140409|| aca||babn | a|a d
040 ## - FUENTE DE LA CATALOGACIÓN
- Agencia original de catalogación: OSt
082 ## - NÚMERO DE LA CLASIFICACION DEWEY
- Número de clasificación: 350.994
150 #0 - ENCABEZAMIENTO--MATERIA
- Término de materia o geográfico como elemento de entrada: Corrupción administrativa
450 #0 - TRAZADO VEÁSE--MATERIA
- Término de materia o nombre geográfico como elemento de entrada: Administración pública
- Subdivisión general: Corrupción
450 #0 - TRAZADO VEÁSE--MATERIA
- Término de materia o nombre geográfico como elemento de entrada: Administración pública
- Subdivisión general: Prácticas corruptas
450 #0 - TRAZADO VEÁSE--MATERIA
- Término de materia o nombre geográfico como elemento de entrada: Corrupción de los funcionarios
450 #0 - TRAZADO VEÁSE--MATERIA
- Término de materia o nombre geográfico como elemento de entrada: Funcionarios
- Subdivisión general: Corrupción
550 ## - TRAZADO VEÁSE ADEMÁS--MATERIA
- Término de materia o nombre geográfica como elemento de entrada: Corrupción judicial
550 ## - TRAZADO VEÁSE ADEMÁS--MATERIA
- Término de materia o nombre geográfica como elemento de entrada: Cohecho
550 ## - TRAZADO VEÁSE ADEMÁS--MATERIA
- Término de materia o nombre geográfica como elemento de entrada: Delitos de los funcionarios
550 ## - TRAZADO VEÁSE ADEMÁS--MATERIA
- Término de materia o nombre geográfica como elemento de entrada: Funcionarios
550 ## - TRAZADO VEÁSE ADEMÁS--MATERIA
- Término de materia o nombre geográfica como elemento de entrada: Juicio de residencia
550 ## - TRAZADO VEÁSE ADEMÁS--MATERIA
- Término de materia o nombre geográfica como elemento de entrada: Responsabilidad administrativa
550 ## - TRAZADO VEÁSE ADEMÁS--MATERIA
- Término de materia o nombre geográfica como elemento de entrada: Corrupción política
670 ## - FUENTE DE DATOS ENCONTRADOS
- Fuente de citación: Autoridades de la BNE, 09-04-2014